[Event "Phillips & Drew Kings"]
[Site "London ENG"]
[Date "1980.04.18"]
[EventDate "1980.04.10"]
[Round "8"]
[Result "1-0"]
[White "Sosonko, Gennadi"]
[Black "Short, Nigel David"]
[WhiteElo "2545"]
[BlackElo "2360"]
[PlyCount "91"]

1.d4 Nf6 2.c4 e6 3.g3 c6 4.Bg2 d5 5.Nf3 Be7 6.O-O O-O 7.Qc2
Nbd7 8.b3 b5 9.c5 a5 10.Nbd2 Re8 11.e4 dxe4 12.Nxe4 Nxe4
13.Qxe4 Nf6 14.Qc2 Bb7 15.Bg5 Nd5 16.Bxe7 Qxe7 17.Rfe1 Rad8
18.a3 f6 19.Nd2 Nc7 20.Qb2 Qd7 21.Nf3 Nd5 22.b4 a4 23.Rad1 Ne7
24.Qc1 Nf5 25.Qf4 e5 26.dxe5 Qxd1 27.Rxd1 Rxd1+ 28.Bf1 Nd4
29.Kg2 Ne6 30.Qg4 f5 31.Qxf5 Bc8 32.Qe4 Bd7 33.Bd3 g6 34.Qe2
Ra1 35.Qb2 Rd1 36.Qc2 Ra1 37.Qb2 Rd1 38.Bc2 Rd5 39.Be4 Rd1
40.Bc2 Rd5 41.Qc1 Nd8 42.Be4 Be6 43.h4 Rd7 44.h5 Bf7 45.Qh6
Re6 46.Ng5 1-0

[Event "Phillips & Drew Kings"]
[Site "London ENG"]
[Date "1980.04.18"]
[EventDate "1980.04.10"]
[Round "8"]
[Result "1-0"]
[White "Sax, Gyula"]
[Black "Timman, Jan"]
[WhiteElo "2570"]
[BlackElo "2600"]
[PlyCount "107"]

1.e4 c5 2.Nf3 d6 3.d4 cxd4 4.Nxd4 Nf6 5.Nc3 a6 6.Bc4 e6 7.Bb3
Be7 8.f4 Nc6 9.Be3 O-O 10.O-O Nxd4 11.Bxd4 b5 12.e5 dxe5
13.fxe5 Nd7 14.Ne4 Bb7 15.Nd6 Bxd6 16.exd6 Qg5 17.Rf2 a5 18.c4
a4 19.Bc2 bxc4 20.Bxa4 Nc5 21.Bc2 Ne4 22.Bxe4 Bxe4 23.d7 Rab8
24.Bc3 Bd5 25.Ba5 h5 26.Qd2 Qe7 27.d8=Q Rfxd8 28.Bxd8 Rxd8
29.Qf4 f5 30.Re1 Qf6 31.h4 Ra8 32.a3 c3 33.bxc3 Qxc3 34.Re3
Qc1+ 35.Kh2 Rc8 36.Qg5 Be4 37.Rg3 Qxg5 38.Rxg5 Bd5 39.Rb2 Rc3
40.Rg3 Rc4 41.Rb4 Rc2 42.Ra4 Kf8 43.Ra7 f4 44.Rgxg7 f3
45.Rgf7+ Ke8 46.Rh7 Rxg2+ 47.Kh3 Rg8 48.Rac7 Kd8 49.Rhd7+ Ke8
50.Rxd5 exd5 51.Rc8+ Kf7 52.Rxg8 Kxg8 53.a4 d4 54.Kg3 1-0

[Event "Phillips & Drew Kings"]
[Site "London ENG"]
[Date "1980.04.18"]
[EventDate "1980.04.10"]
[Round "8"]
[Result "1/2-1/2"]
[White "Stean, Michael Francis"]
[Black "Gheorghiu, Florin"]
[WhiteElo "2530"]
[BlackElo "2605"]
[PlyCount "79"]

1.c4 c5 2.Nf3 Nf6 3.Nc3 b6 4.d4 cxd4 5.Nxd4 Bb7 6.f3 d6 7.e4
e6 8.Be2 Be7 9.O-O O-O 10.Be3 a6 11.Qd2 Nbd7 12.Rfd1 Rc8 13.a4
Ne5 14.a5 bxa5 15.Nb3 Nxc4 16.Bxc4 Rxc4 17.Nxa5 Rb4 18.Nd5
Nxd5 19.exd5 Rb5 20.Nxb7 Rxb7 21.dxe6 fxe6 22.Rxa6 Qb8 23.Bd4
Qe8 24.Qe2 Qf7 25.Re1 e5 26.Bc3 Qd5 27.Qe4 Qxe4 28.fxe4 Kf7
29.Rf1+ Ke6 30.Rxf8 Bxf8 31.Kf2 Be7 32.Ke2 h5 33.Ra8 Bg5
34.Rh8 Bc1 35.Rxh5 Bxb2 36.Bd2 d5 37.exd5+ Kxd5 38.Rg5 Bd4
39.h4 Kc4 40.Rg4 1/2-1/2

[Event "Phillips & Drew Kings"]
[Site "London ENG"]
[Date "1980.04.20"]
[EventDate "1980.04.10"]
[Round "9"]
[Result "1-0"]
[White "Andersson, Ulf"]
[Black "Stean, Michael Francis"]
[WhiteElo "2590"]
[BlackElo "2530"]
[PlyCount "69"]

1.c4 e5 2.g3 Nf6 3.Bg2 c6 4.d4 exd4 5.Qxd4 d5 6.Nf3 Be7 7.cxd5
cxd5 8.O-O Nc6 9.Qd1 O-O 10.Be3 Bg4 11.Nd4 Qd7 12.Nd2 Bh3
13.N2f3 Bxg2 14.Kxg2 Ne4 15.Rc1 Rfc8 16.Qd3 Nb4 17.Qb1 Bf6
18.a3 Nc6 19.Rfd1 Na5 20.Rxc8+ Rxc8 21.Nc2 Qa4 22.Nb4 Bxb2
23.Rxd5 Bxa3 24.Qxe4 Bxb4 25.Qg4 Qc6 26.Rg5 Bc3 27.Rc5 Qxc5
28.Bxc5 Rxc5 29.Qd7 h6 30.Qe8+ Kh7 31.Qxf7 b5 32.Qxa7 Rc4
33.Qb6 b4 34.Qxa5 b3 35.Qd5 1-0

[Event "Phillips & Drew Kings"]
[Site "London ENG"]
[Date "1980.04.20"]
[EventDate "1980.04.10"]
[Round "9"]
[Result "1/2-1/2"]
[White "Short, Nigel David"]
[Black "Nunn, John Denis Martin"]
[WhiteElo "2360"]
[BlackElo "2515"]
[PlyCount "34"]

1.b3 e5 2.Bb2 d6 3.e3 Nc6 4.d4 exd4 5.exd4 d5 6.Nf3 Bf5 7.Be2
Nf6 8.O-O Bd6 9.c4 O-O 10.Nc3 Re8 11.a3 Bg4 12.c5 Be7 13.b4 a6
14.Ne5 Bxe2 15.Nxe2 Ne4 16.f3 Ng5 17.Ng3 Bf6 1/2-1/2

[Event "Phillips & Drew Kings"]
[Site "London ENG"]
[Date "1980.04.20"]
[EventDate "1980.04.10"]
[Round "9"]
[Result "1/2-1/2"]
[White "Timman, Jan"]
[Black "Sosonko, Gennadi"]
[WhiteElo "2600"]
[BlackElo "2545"]
[PlyCount "82"]

1. c4 c5 2. Nf3 Nc6 3. Nc3 Nf6 4. d4 cxd4 5. Nxd4 e6 6. Ndb5
d6 7. Bf4 e5 8. Bg5 a6 9. Na3 Be6 10. g3 Qb6 11. Nc2 Ng4
12. Be3 Nxe3 13. Nxe3 Qxb2 14. Ned5 Rc8 15. Rb1 Qa3 16. Rxb7
Na5 17. Rb4 Rxc4 18. Rxc4 Nxc4 19. Bg2 Be7 20. O-O Bd8 21. Qd3
Nb2 22. Qc2 O-O 23. Rb1 Nc4 24. Rb4 Nb6 25. Rxb6 Bxb6 26. Nxb6
Qc5 27. Nba4 Qb4 28. Bd5 Rc8 29. Qe4 Qxe4 30. Bxe4 f5 31. Bb7
Rb8 32. Bxa6 d5 33. e3 d4 34. exd4 exd4 35. Ne2 Bxa2 36. Nxd4
Rb1+ 37. Kg2 Bd5+ 38. Kh3 Ra1 39. Bb5 g6 40. Nc3 Bb7 41. f3
Bxf3 1/2-1/2

[Event "Phillips & Drew Kings"]
[Site "London ENG"]
[Date "1980.04.20"]
[EventDate "1980.04.10"]
[Round "9"]
[Result "1-0"]
[White "Gheorghiu, Florin"]
[Black "Larsen, Bent"]
[WhiteElo "2605"]
[BlackElo "2585"]
[PlyCount "119"]

1.d4 Nf6 2.c4 e6 3.Nf3 Bb4+ 4.Bd2 a5 5.g3 b6 6.Bg2 Bb7 7.O-O
Na6 8.Bg5 Be7 9.Bxf6 Bxf6 10.Nc3 O-O 11.e4 d6 12.Qd2 g6
13.Rad1 Bg7 14.Rfe1 Qe7 15.e5 Rad8 16.Qe2 Rfe8 17.exd6 cxd6
18.Nh4 Bxg2 19.Nxg2 Qb7 20.Ne3 Nc7 21.a4 h5 22.Nb5 Nxb5
23.axb5 Ra8 24.b3 Rec8 25.Qf1 a4 26.bxa4 Rxa4 27.d5 e5 28.Ra1
Rxa1 29.Rxa1 Bh6 30.Nc2 Qc7 31.Ra4 Kg7 32.Qd3 h4 33.Kg2 hxg3
34.hxg3 Bg5 35.Kf1 Qd7 36.Qf3 Re8 37.Ne3 e4 38.Qg4 Qe7 39.Qd1
Bxe3 40.fxe3 Qg5 41.Qd4+ Re5 42.Ke2 Qxg3 43.Kd2 f6 44.Ra7+ Kh6
45.Ra1 Qf3 46.Qxb6 Rh5 47.Kc3 Rh3 48.Kb4 Qf2 49.Ra3 Qb2+
50.Ka4 Qc2+ 51.Ka5 Qd2+ 52.Ka6 Qb4 53.Ra5 Kg5 54.c5 Rh8 55.Qc6
Rd8 56.b6 dxc5 57.b7 c4 58.Rb5 Qa3+ 59.Kb6 f5 60.Qc5 1-0

[Event "Phillips & Drew Kings"]
[Site "London ENG"]
[Date "1980.04.21"]
[EventDate "1980.04.10"]
[Round "10"]
[Result "1/2-1/2"]
[White "Miles, Anthony John"]
[Black "Kortschnoj, Viktor"]
[WhiteElo "2545"]
[BlackElo "2695"]
[PlyCount "40"]

1. Nf3 Nf6 2. c4 b6 3. g3 Bb7 4. Bg2 e6 5. O-O Be7 6. b3 c5
7. Bb2 O-O 8. e3 d6 9. Nc3 Nbd7 10. d4 Ne4 11. Qe2 Ndf6
12. Rfd1 Nxc3 13. Bxc3 Qc7 14. Rac1 Rac8 15. Nd2 Bxg2 16. Kxg2
Qb7+ 17. Qf3 Qxf3+ 18. Kxf3 Rfd8 19. e4 d5 20. cxd5 exd5
1/2-1/2

[Event "Phillips & Drew Kings"]
[Site "London ENG"]
[Date "1980.04.21"]
[EventDate "1980.04.10"]
[Round "10"]
[Result "0-1"]
[White "Stean, Michael Francis"]
[Black "Ljubojevic, Ljubomir"]
[WhiteElo "2530"]
[BlackElo "2590"]
[PlyCount "62"]

1.c4 e5 2.Nc3 Nc6 3.g3 d6 4.Bg2 Be6 5.d3 Qd7 6.Rb1 Nge7 7.b4
d5 8.b5 Nd8 9.Qb3 d4 10.Ne4 Ng6 11.h4 h5 12.Nf3 a6 13.a4 axb5
14.axb5 Be7 15.Bd2 Bf5 16.O-O Bh3 17.Ra1 Rb8 18.Bb4 Bxg2
19.Kxg2 Ne6 20.Rfb1 f5 21.Ned2 O-O 22.Bxe7 Qxe7 23.Qc2 Rbe8
24.Ra7 Nc5 25.Nb3 e4 26.Ng5 f4 27.dxe4 fxg3 28.fxg3 Nxh4+
29.gxh4 Qd7 30.Nf3 d3 31.Qd2 Qg4+ 0-1

[Event "Phillips & Drew Kings"]
[Site "London ENG"]
[Date "1980.04.21"]
[EventDate "1980.04.10"]
[Round "10"]
[Result "0-1"]
[White "Nunn, John Denis Martin"]
[Black "Timman, Jan"]
[WhiteElo "2515"]
[BlackElo "2600"]
[PlyCount "76"]

1.e4 e5 2.Bc4 Nf6 3.d3 Nc6 4.Nf3 Be7 5.O-O d6 6.c3 O-O 7.Nbd2
Na5 8.Bb5 a6 9.Ba4 c5 10.Re1 b5 11.Bc2 Nc6 12.Nf1 Re8 13.Ne3
Bf8 14.a4 Bb7 15.Nf5 Ne7 16.N3h4 Ng6 17.Bg5 d5 18.Qf3 Re6
19.Qg3 Qc7 20.Rad1 Rae8 21.axb5 axb5 22.d4 dxe4 23.Bxf6 Rxf6
24.Bxe4 Bxe4 25.Rxe4 Qc8 26.dxe5 Rxf5 27.Nxf5 Qxf5 28.Rde1 Rd8
29.Qe3 c4 30.e6 fxe6 31.Rxe6 Bc5 32.Re8+ Kf7 33.Qe6+ Qxe6
34.R8xe6 Nf4 35.Rc6 Nd3 36.Rc7+ Kg8 37.Re2 Nf4 38.Re1 Bxf2+
0-1

[Event "Phillips & Drew Kings"]
[Site "London ENG"]
[Date "1980.04.21"]
[EventDate "1980.04.10"]
[Round "10"]
[Result "0-1"]
[White "Browne, Walter Shawn"]
[Black "Gheorghiu, Florin"]
[WhiteElo "2540"]
[BlackElo "2605"]
[PlyCount "80"]

1.d4 Nf6 2.Nf3 c5 3.d5 g6 4.Nc3 Bg7 5.e4 O-O 6.Nd2 d6 7.Be2
Na6 8.O-O Nc7 9.a4 b6 10.Nc4 Ba6 11.Re1 Nd7 12.Ra3 Rb8 13.Rb3
Ne5 14.Nxe5 Bxe2 15.Qxe2 Bxe5 16.Nb5 Rb7 17.f4 Bg7 18.Rd1 Qc8
19.Qc4 Rd8 20.Kh1 Ne8 21.h3 a6 22.Nc3 Nc7 23.Qe2 Qb8 24.e5 b5
25.axb5 axb5 26.Ne4 c4 27.Rf3 dxe5 28.Nc5 Ra7 29.fxe5 Rxd5
30.Rxd5 Nxd5 31.e6 f5 32.Rf1 Ra1 33.Rd1 Qg3 34.Nd7 h5 35.c3
Kh7 36.Bg5 Nxc3 37.bxc3 Rxd1+ 38.Qxd1 Qxg5 39.Qd5 Qe3 40.Qxb5
Qxe6 0-1

[Event "Phillips & Drew Kings"]
[Site "London ENG"]
[Date "1980.04.22"]
[EventDate "1980.04.10"]
[Round "11"]
[Result "0-1"]
[White "Gheorghiu, Florin"]
[Black "Miles, Anthony John"]
[WhiteElo "2605"]
[BlackElo "2545"]
[PlyCount "60"]

1.d4 Nf6 2.c4 e6 3.Nf3 b6 4.Nc3 Bb4 5.Bg5 h6 6.Bh4 g5 7.Bg3
Ne4 8.Qc2 Bb7 9.e3 Bxc3+ 10.bxc3 Nxg3 11.hxg3 Nc6 12.Rb1 Qe7
13.c5 h5 14.Be2 Na5 15.Nd2 Bxg2 16.Rxh5 O-O-O 17.cxb6 axb6
18.Rxh8 Rxh8 19.Bf3 Bxf3 20.Nxf3 Qf6 21.Ke2 Nc4 22.Qa4 d5
23.Nxg5 Kb7 24.Nf3 Qf5 25.Rc1 Qg4 26.Qd1 Rh5 27.Kf1 Rh1+
28.Ng1 Nxe3+ 29.fxe3 Qxg3 30.Ke2 Rh2+ 0-1

[Event "Phillips & Drew Kings"]
[Site "London ENG"]
[Date "1980.04.23"]
[EventDate "1980.04.10"]
[Round "12"]
[Result "1/2-1/2"]
[White "Kortschnoj, Viktor"]
[Black "Gheorghiu, Florin"]
[WhiteElo "2695"]
[BlackElo "2605"]
[PlyCount "117"]

1. c4 c5 2. Nf3 Nf6 3. Nc3 b6 4. e4 d6 5. d4 cxd4 6. Nxd4 Bb7
7. Qe2 Nc6 8. Nxc6 Bxc6 9. Bg5 Nd7 10. O-O-O Qc8 11. Kb1 Nc5
12. f3 a5 13. h4 Qb7 14. h5 h6 15. Bh4 e6 16. Qd2 Qc7 17. Nd5
Qb8 18. Bd3 Ra7 19. Rhe1 Kd7 20. Bc2 Kc8 21. Nc3 f6 22. Bg3 e5
23. Nb5 Rd7 24. a3 Be7 25. Bf2 Rhd8 26. b4 axb4 27. axb4 Ne6
28. Bb3 Rb7 29. Nc3 Nc7 30. Rc1 Bf8 31. Red1 Be8 32. Kb2 Bxh5
33. c5 bxc5 34. Bxc5 Be8 35. Na2 Be7 36. Be3 Kd7 37. Qc3 Bf8
38. Qc4 Ke7 39. Qg8 Rd7 40. Rd2 Bg6 41. Bxh6 Ke8 42. Be3 Bf7
43. Bxf7+ Rxf7 44. Rxd6 Rxb4+ 45. Ka1 Rb7 46. Bc5 Qa8 47. Rc6
Qa4 48. Bb6 Qb3 49. Rb1 Qd3 50. Rc3 Qd6 51. Bc5 Rxb1+ 52. Kxb1
Qd7 53. Bxf8 Rxf8 54. Qb3 Ne6 55. Nb4 Kf7 56. Rd3 Qc7 57. Na6
Qe7 58. Nb8 Rd8 59. Rd5 1/2-1/2

[Event "Phillips & Drew Kings"]
[Site "London ENG"]
[Date "1980.04.23"]
[EventDate "1980.04.10"]
[Round "12"]
[Result "1/2-1/2"]
[White "Sax, Gyula"]
[Black "Nunn, John Denis Martin"]
[WhiteElo "2570"]
[BlackElo "2515"]
[PlyCount "49"]

1.e4 c5 2.Nf3 d6 3.d4 cxd4 4.Nxd4 Nf6 5.Nc3 e6 6.Bc4 a6 7.Bb3
b5 8.f4 Be7 9.e5 dxe5 10.fxe5 Nfd7 11.Bxe6 Nxe5 12.Bxc8 Qxc8
13.Bf4 Nbc6 14.Nxc6 Nxc6 15.O-O O-O 16.Nd5 Ra7 17.Kh1 Rd8
18.Qf3 Qf5 19.Nxe7+ Nxe7 20.Qe3 Qd7 21.Bd6 Rb7 22.Qf3 Nd5
23.Bc5 Rc7 24.b4 Rc6 25.Qd3 1/2-1/2

[Event "Phillips & Drew Kings"]
[Site "London ENG"]
[Date "1980.04.23"]
[EventDate "1980.04.10"]
[Round "12"]
[Result "1-0"]
[White "Larsen, Bent"]
[Black "Short, Nigel David"]
[WhiteElo "2585"]
[BlackElo "2360"]
[PlyCount "105"]

1.c4 c5 2.Nf3 Nc6 3.e3 Nf6 4.Nc3 e6 5.d4 cxd4 6.exd4 d5 7.Bg5
Be7 8.c5 O-O 9.Rc1 h6 10.Be3 Ng4 11.Bb5 Nxe3 12.fxe3 Bd7
13.O-O a6 14.Ba4 f5 15.a3 Bf6 16.b4 g5 17.Qd3 Ne7 18.Bxd7 Qxd7
19.a4 g4 20.Ne1 Bg5 21.Qe2 Kh8 22.Nd3 Ng6 23.Nf4 Nxf4 24.exf4
Bf6 25.Qe3 Kg7 26.Rfd1 Kf7 27.Rd3 Rfe8 28.b5 axb5 29.axb5 Ra5
30.Rd2 Rea8 31.Rb2 h5 32.Rcb1 Ra3 33.Qd2 Qc7 34.b6 Qd7 35.Nb5
R8a4 36.Rb4 Rxb4 37.Qxb4 Ra2 38.Qb3 Ra5 39.Kf2 h4 40.Ke3 Kg6
41.Kd3 Bh8 42.Nc3 Qc8 43.Qb4 Qa8 44.c6 Qa6+ 45.Kc2 bxc6 46.b7
c5 47.Qb3 Bxd4 48.b8=Q Bxc3 49.Kxc3 Ra3 50.Kd2 Rxb3 51.Qxb3 d4
52.Ke1 c4 53.Qb6 1-0

[Event "Phillips & Drew Kings"]
[Site "London ENG"]
[Date "1980.04.23"]
[EventDate "1980.04.10"]
[Round "12"]
[Result "1-0"]
[White "Stean, Michael Francis"]
[Black "Timman, Jan"]
[WhiteElo "2530"]
[BlackElo "2600"]
[PlyCount "117"]

1.Nf3 Nf6 2.d4 e6 3.c4 c5 4.Nc3 cxd4 5.Nxd4 Bb4 6.g3 Ne4 7.Qd3
Nxc3 8.bxc3 Be7 9.Nb5 Na6 10.Bf4 d5 11.Bg2 O-O 12.cxd5 exd5
13.Qxd5 Qa5 14.O-O Rd8 15.Qe4 Bf6 16.a4 Nc5 17.Qb4 Qxb4
18.cxb4 Bxa1 19.bxc5 Bf6 20.Nc7 Rb8 21.Nd5 Be6 22.Nxf6+ gxf6
23.Bxb8 Rxb8 24.a5 Rc8 25.Bxb7 Rxc5 26.a6 Rc2 27.Rd1 Bh3
28.Rd8+ Kg7 29.f4 Rxe2 30.Ra8 Be6 31.Rxa7 Bc4 32.Ra8 Ra2 33.a7
Be6 34.Kf1 Kh6 35.Ke1 Kg7 36.Kd1 Bf5 37.Bd5 Ra5 38.Ke2 Ra3
39.Bf3 Be6 40.g4 f5 41.g5 h6 42.gxh6+ Kh7 43.Kd2 Ba2 44.Kc2
Be6 45.Bh1 Ra1 46.Kc3 Ra4 47.Bf3 Rc4+ 48.Kd3 Ra4 49.Ke3 Ba2
50.Bc6 Ra5 51.Kd4 Be6 52.Bh1 Ra1 53.Kc5 Rc1+ 54.Kd6 Rd1+
55.Kc7 Rc1+ 56.Bc6 Bd5 57.Rh8+ Kxh8 58.a8=Q+ Kh7 59.Kd6 1-0

[Event "Phillips & Drew Kings"]
[Site "London ENG"]
[Date "1980.04.25"]
[EventDate "1980.04.10"]
[Round "13"]
[Result "0-1"]
[White "Short, Nigel David"]
[Black "Browne, Walter Shawn"]
[WhiteElo "2360"]
[BlackElo "2540"]
[PlyCount "92"]

1.e4 c5 2.c3 Nf6 3.e5 Nd5 4.d4 cxd4 5.Qxd4 e6 6.Nf3 Nc6 7.Qe4
d6 8.c4 f5 9.Qe2 Qa5+ 10.Bd2 Ndb4 11.exd6 Bxd6 12.Bc3 Be7
13.Nbd2 Bf6 14.Nb3 Qb6 15.Bxf6 gxf6 16.c5 Qc7 17.g3 O-O 18.Bg2
Na5 19.Nfd4 Nxb3 20.Nxb3 Qe5 21.Qxe5 fxe5 22.O-O a5 23.Rae1 a4
24.Nc1 e4 25.f3 Nc2 26.Re2 Nd4 27.Rd2 exf3 28.Bxf3 Nxf3+
29.Rxf3 Ra5 30.Rc3 e5 31.Nd3 Rd8 32.Re2 e4 33.Nf4 Bd7 34.Rd2
Raa8 35.Kf2 Bc6 36.Rcc2 Kf7 37.Ke3 Kf6 38.Ne2 Ke5 39.Nd4 Rd5
40.Rc1 Rad8 41.Rcd1 Be8 42.b4 Bh5 43.Ne2 Rxd2 44.Rxd2 Rxd2
45.Kxd2 Bxe2 46.Kxe2 a3 0-1

[Event "Phillips & Drew Kings"]
[Site "London ENG"]
[Date "1980.04.25"]
[EventDate "1980.04.10"]
[Round "13"]
[Result "1/2-1/2"]
[White "Ljubojevic, Ljubomir"]
[Black "Miles, Anthony John"]
[WhiteElo "2590"]
[BlackElo "2545"]
[PlyCount "20"]

1.e4 c5 2.Nf3 d6 3.d4 cxd4 4.Nxd4 Nf6 5.Nc3 g6 6.Bc4 Bg7 7.f4
O-O 8.Nf3 Qa5 9.Bd2 Nc6 10.Bb3 Bg4 1/2-1/2

[Event "Phillips & Drew Kings"]
[Site "London ENG"]
[Date "1980.04.25"]
[EventDate "1980.04.10"]
[Round "13"]
[Result "0-1"]
[White "Sosonko, Gennadi"]
[Black "Stean, Michael Francis"]
[WhiteElo "2545"]
[BlackElo "2530"]
[PlyCount "60"]

1. d4 Nf6 2. c4 e6 3. g3 c5 4. d5 exd5 5. cxd5 b5 6. Bg2 d6
7. e4 g6 8. Nf3 Bg7 9. O-O O-O 10. e5 dxe5 11. Nxe5 Bb7
12. Nc6 Qb6 13. Nxb8 Raxb8 14. Nc3 b4 15. Na4 Qb5 16. Be3 Rfd8
17. Rc1 c4 18. b3 cxb3 19. Qxb3 Bxd5 20. Bxd5 Nxd5 21. Bg5
Rdc8 22. Rxc8+ Rxc8 23. Rd1 Nf6 24. Be3 h5 25. a3 a5 26. Nb6
Rc3 27. a4 Qc6 28. Nd5 Nxd5 29. Qxd5 Qxd5 30. Rxd5 Ra3 0-1

[Event "Phillips & Drew Kings"]
[Site "London ENG"]
[Date "1980.04.25"]
[EventDate "1980.04.10"]
[Round "13"]
[Result "1-0"]
[White "Timman, Jan"]
[Black "Larsen, Bent"]
[WhiteElo "2600"]
[BlackElo "2585"]
[PlyCount "37"]

1.e4 c5 2.Nf3 d6 3.d4 cxd4 4.Nxd4 Nf6 5.Nc3 e6 6.f4 Nc6 7.Be3
Qc7 8.Qf3 Bd7 9.O-O-O a6 10.g4 Nxd4 11.Rxd4 Bc6 12.g5 Nd7
13.Bh3 g6 14.Rhd1 b5 15.Qg3 Bg7 16.Rxd6 b4 17.f5 bxc3 18.Rxe6+
Kd8 19.Rxc6 1-0

[Event "Phillips & Drew Kings"]
[Site "London ENG"]
[Date "1980.04.25"]
[EventDate "1980.04.10"]
[Round "13"]
[Result "1/2-1/2"]
[White "Gheorghiu, Florin"]
[Black "Sax, Gyula"]
[WhiteElo "2605"]
[BlackElo "2570"]
[PlyCount "170"]

1.d4 Nf6 2.c4 g6 3.Nc3 Bg7 4.e4 d6 5.f3 O-O 6.Be3 Nc6 7.Nge2
Rb8 8.a3 a6 9.b4 e5 10.d5 Ne7 11.Nc1 Nh5 12.Qd2 f5 13.Nb3 Nf6
14.Be2 Qe8 15.O-O-O Bd7 16.Kb2 Ba4 17.g4 b5 18.g5 Nh5 19.Nxa4
bxa4 20.Na5 Nf4 21.Bf1 c5 22.Ka2 Qc8 23.Rg1 Rf7 24.Rb1 Rf8
25.Qd1 fxe4 26.fxe4 Nh3 27.Rg3 Nf4 28.bxc5 Rxb1 29.Qxb1 dxc5
30.Nb7 Nh5 31.Bh3 Qb8 32.Be6+ Kh8 33.Bxc5 Nxg3 34.hxg3 Rf3
35.Nd6 Qf8 36.Qc2 h5 37.Nc8 Rxg3 38.Nxe7 Qf3 39.Nxg6+ Kh7
40.Bf5 Kg8 41.Nh4 Qh1 42.Bf2 Qxh4 43.Bxg3 Qxg3 44.c5 Bf8 45.d6
h4 46.Qc4+ Kh8 47.d7 Be7 48.c6 Qf2+ 49.Kb1 Qb6+ 50.Kc2 Qf2+
51.Kb1 Qb6+ 52.Ka1 Qg1+ 53.Kb2 Qb6+ 54.Kc2 Qf2+ 55.Kd1 Bxg5
56.Qe2 Qg1+ 57.Qe1 Qd4+ 58.Kc2 Qc4+ 59.Qc3 Qe2+ 60.Kb1 Qf1+
61.Ka2 Qe2+ 62.Qb2 Qc4+ 63.Ka1 Qf1+ 64.Qb1 Qxb1+ 65.Kxb1 Bd8
66.Kc2 Kg7 67.Kc3 Kf6 68.Kc4 Ke7 69.Kd5 Bc7 70.Bh3 Bb8 71.Bf1
a5 72.Kc5 Bc7 73.Bh3 Bd8 74.Bf5 Bc7 75.Kd5 Bb8 76.c7 Bxc7
77.Kc6 Kd8 78.Bg4 Bb8 79.Kb5 Bd6 80.Kxa4 Bf8 81.Kb3 Be7 82.a4
Bb4 83.Kc4 Be1 84.Kd5 Bc3 85.Ke6 Bd4 1/2-1/2